000 01128nam a22002657a 4500
001 216219491
003 UA-OsUOA
005 20201021110447.0
008 201021b -uk||||g |||| 00| d eng d
020 _a9780140707182
040 _aUA-OsUOA
_bukr
_cUA-OsUOA
_dUA-OsUOA
041 _aeng
080 _a821.111
090 _a821.111
_bS53
100 _aShakespeare W.
245 _aHenry IV: Part One
_cWilliam Shakespeare ; edited by P. H. Davison
260 _aLondon
_bPenguin Books
_c1996
300 _a256 p.
490 _aThe New Penguin Shakespeare
520 _aThe main plot of Henry IV, Part 1 deals with a Scottish challenge to King Henry IV led by Henry Percy ("Hotspur"), the son of the Earl of Northumberland. But just as important to the play is the subplot, consisting of several comic scenes in the Boars Head Tavern in Eastcheap in which Prince Hal, the heir to the thrown, carouses with his lowlife friends Poins, Jack Falstaff, Bardolph, and Francis the Page.
650 _a821.111 Англійська література
_2UDC
700 1 _aDavison P. H.
942 _2udc
_cBK
955 _a3
999 _c280744
_d280744